[Event "CAN-ch U20"]
[Site "Mississauga CAN"]
[Date "2017.08.09"]
[Round "1.12"]
[White "Yang, Fan"]
[Black "Cui, Cynthia"]
[Result "1-0"]
[WhiteElo "2103"]
[BlackElo "1787"]
[WhiteFideId "-1"]
[WhiteFideId "-1"]
[PlyCount "117"]
[GameId "2160767908347414"]
[EventDate "2017.08.09"]
[EventType "swiss"]
[EventRounds "7"]
[EventCountry "CAN"]
[SourceTitle "hb 2017"]

1. e4 d5 2. exd5 Qxd5 3. Nc3 Qd6 4. d4 Nf6 5. Nf3 Bg4 6. Be2 c6 7. h3 Bxf3 8. Bxf3 e6 9. Be3 Nbd7 10. O-O Qc7 11. Re1 Be7 12. Ne2 O-O 13. c4 Rfd8 14. Qc2 Nb6 15. Bf4 Qc8 16. Rad1 Nbd7 17. Nc3 Nf8 18. a3 Ng6 19. Bg3 a5 20. Na4 Ra6 21. Qb3 Bd6 22. Bxd6 Rxd6 23. Nc5 Ra7 24. Qb6 Qb8 25. b4 axb4 26. axb4 Nh4 27. Be4 Nxe4 28. Nxe4 Rd8 29. Nc5 Nf5 30. d5 exd5 31. cxd5 cxd5 32. Rxd5 Rxd5 33. Qxa7 Rd8 34. Qxb7 Qxb7 35. Nxb7 Rb8 36. Nc5 g6 37. Rb1 Nd4 38. Kf1 Nc2 39. Nd3 Rb5 40. Ke2 Na3 41. Rb3 Nc4 42. Nc1 Rd5 43. Nd3 Rb5 44. Nc5 Ne5 45. Ke3 Nc6 46. Na6 Rb6 47. b5 Na7 48. Nc7 Rb7 49. b6 Nc8 50. Nd5 Kf8 51. Kd4 Ke8 52. Kc5 Kd7 53. Ne3 Ne7 54. Nc4 Rb8 55. Rd3+ Ke8 56. b7 Kf8 57. Kb6 Re8 58. Nd6 Rd8 59. Kc7 1-0

[Event "CAN-ch U20"]
[Site "Mississauga CAN"]
[Date "2017.08.09"]
[Round "1.14"]
[White "Maulucci, Anthony"]
[Black "Liao, Joseph"]
[Result "1-0"]
[WhiteElo "2087"]
[BlackElo "1717"]
[WhiteFideId "-1"]
[WhiteFideId "-1"]
[PlyCount "37"]
[GameId "2160767908347416"]
[EventDate "2017.08.09"]
[EventType "swiss"]
[EventRounds "7"]
[EventCountry "CAN"]
[SourceTitle "hb 2017"]

1. d4 Nf6 2. c4 e6 3. Nc3 Bb4 4. e3 c5 5. Bd3 Bxc3+ 6. bxc3 O-O 7. Nf3 d6 8. O-O Nc6 9. e4 b6 10. e5 dxe5 11. dxe5 Nd7 12. Bxh7+ Kxh7 13. Ng5+ Kg6 14. Qd3+ f5 15. exf6+ Kxf6 16. Qf3+ Kg6 17. Qxc6 Ba6 18. Qe4+ Kh5 19. Qh7+ 1-0

[Event "CAN-ch U20"]
[Site "Mississauga CAN"]
[Date "2017.08.09"]
[Round "1.15"]
[White "Gilani, Mysha"]
[Black "Issani, Nameer"]
[Result "0-1"]
[WhiteElo "1643"]
[BlackElo "2072"]
[WhiteFideId "-1"]
[WhiteFideId "-1"]
[PlyCount "66"]
[GameId "2160767908347417"]
[EventDate "2017.08.09"]
[EventType "swiss"]
[EventRounds "7"]
[EventCountry "CAN"]
[SourceTitle "hb 2017"]

1. d4 Nf6 2. c4 e6 3. Nc3 Bb4 4. e3 O-O 5. Nge2 c6 6. a3 Ba5 7. g3 d5 8. cxd5 exd5 9. Bg2 Bf5 10. O-O Nbd7 11. b4 Bc7 12. Bb2 Nb6 13. Nc1 Nc4 14. Qe2 Re8 15. h3 Qd7 16. Kh2 h5 17. h4 Ng4+ 18. Kg1 Bxg3 19. fxg3 Rxe3 20. Qd1 Nxb2 21. Qb3 Nc4 22. Ra2 Rae8 23. Raf2 Nxf2 24. Rxf2 Re1+ 25. Rf1 Nd2 26. Qb2 Nxf1 27. Bxf1 Bh3 28. Qf2 Rxc1 29. Kh2 Bxf1 30. Na4 Qh3+ 31. Kg1 Ba6+ 32. Qf1 Qxg3+ 33. Kh1 Rxf1# 0-1

[Event "CAN-ch U20"]
[Site "Mississauga CAN"]
[Date "2017.08.09"]
[Round "1.16"]
[White "Noorali, Aahil"]
[Black "Tao, Ellen"]
[Result "1-0"]
[WhiteElo "2008"]
[BlackElo "1618"]
[WhiteFideId "-1"]
[WhiteFideId "-1"]
[PlyCount "79"]
[GameId "2160767908347418"]
[EventDate "2017.08.09"]
[EventType "swiss"]
[EventRounds "7"]
[EventCountry "CAN"]
[SourceTitle "hb 2017"]

1. d4 Nf6 2. c4 e6 3. Nc3 Bb4 4. e3 Bxc3+ 5. bxc3 O-O 6. Bd3 d6 7. Ne2 Nbd7 8. O-O c5 9. e4 e5 10. d5 Re8 11. Qc2 Nh5 12. Ng3 Nxg3 13. hxg3 f6 14. f4 Qe7 15. f5 g5 16. Kf2 Kg7 17. Rh1 Rh8 18. Qe2 Kf8 19. Rh6 Qg7 20. Qh5 Ke7 21. Be3 Nf8 22. Rh1 Bd7 23. Qd1 Be8 24. Bc2 Qf7 25. Ba4 Bxa4 26. Qxa4 Qe8 27. Qd1 Rb8 28. Qg4 Qf7 29. Rxf6 Qg7 30. Bxg5 Kd7 31. Qh5 Ng6 32. fxg6 hxg6 33. Qg4+ Kc7 34. Rxh8 Rxh8 35. Qe6 Kb8 36. Qxd6+ Ka8 37. Rxg6 Qf7+ 38. Qf6 Qe8 39. Qe6 Rf8+ 40. Rf6 1-0

[Event "CAN-ch U20"]
[Site "Mississauga CAN"]
[Date "2017.08.10"]
[Round "2.1"]
[White "Chen, Richard"]
[Black "Nasir, Zehn"]
[Result "1-0"]
[WhiteElo "2324"]
[BlackElo "2221"]
[WhiteFideId "-1"]
[WhiteFideId "-1"]
[PlyCount "87"]
[GameId "2160767908347420"]
[EventDate "2017.08.09"]
[EventType "swiss"]
[EventRounds "7"]
[EventCountry "CAN"]
[SourceTitle "hb 2017"]

1. e4 c6 2. d4 d5 3. f3 Qb6 4. Nc3 e5 5. dxe5 Bc5 6. Na4 Qa5+ 7. c3 Bxg1 8. Rxg1 dxe4 9. Qd4 Ne7 10. Bg5 f6 11. exf6 Qxg5 12. fxe7 Nd7 13. b3 exf3 14. gxf3 Qxe7+ 15. Kf2 O-O 16. Re1 Qf6 17. Qxf6 Nxf6 18. Re7 g6 19. Bc4+ Kh8 20. Nc5 b6 21. Nd3 b5 22. Bf7 Bf5 23. Ne5 Rad8 24. Re1 Rd2+ 25. Re2 Rd1 26. Nxc6 Be4 27. fxe4 Rd6 28. Ne5 Ng8 29. Rxa7 Re6 30. Nf3 Rf6 31. e5 R6xf7 32. Rxf7 Rxf7 33. e6 Re7 34. Nd4 Rb7 35. Nc6 Ne7 36. Nxe7 Rxe7 37. a4 bxa4 38. bxa4 Kg7 39. a5 Kf8 40. a6 Ra7 41. e7+ Ke8 42. Re6 Rc7 43. Rb6 Ra7 44. Rb8+ 1-0

[Event "CAN-ch U20"]
[Site "Mississauga CAN"]
[Date "2017.08.10"]
[Round "2.2"]
[White "Zhao, Harry"]
[Black "Hua, Eugene"]
[Result "0-1"]
[WhiteElo "2195"]
[BlackElo "2329"]
[WhiteFideId "-1"]
[WhiteFideId "-1"]
[PlyCount "58"]
[GameId "2160767908347421"]
[EventDate "2017.08.09"]
[EventType "swiss"]
[EventRounds "7"]
[EventCountry "CAN"]
[SourceTitle "hb 2017"]

1. d4 Nf6 2. Nf3 e6 3. Nbd2 c5 4. e3 d5 5. a3 Nc6 6. b3 Bd6 7. Bb2 b6 8. Ne5 Bb7 9. Bd3 O-O 10. O-O Rc8 11. f4 Ne7 12. Rf3 c4 13. bxc4 dxc4 14. Ndxc4 Bxf3 15. Qxf3 b5 16. Nd2 Nfd5 17. e4 Nc3 18. Ng4 Na4 19. Bc1 Bxf4 20. d5 Ng6 21. Bxb5 Qb6+ 22. Kh1 Qxb5 23. Rb1 Qd7 24. g3 Bxd2 25. Bxd2 exd5 26. e5 Rc4 27. Nf6+ gxf6 28. Bh6 Qh3 29. Bxf8 Rxc2 0-1

[Event "CAN-ch U20"]
[Site "Mississauga CAN"]
[Date "2017.08.10"]
[Round "2.3"]
[White "Cai, Jason"]
[Black "Yang, Fan"]
[Result "1/2-1/2"]
[WhiteElo "2297"]
[BlackElo "2103"]
[WhiteFideId "-1"]
[WhiteFideId "-1"]
[PlyCount "98"]
[GameId "2160767908347422"]
[EventDate "2017.08.09"]
[EventType "swiss"]
[EventRounds "7"]
[EventCountry "CAN"]
[SourceTitle "hb 2017"]

1. e4 e5 2. Nf3 Nc6 3. d4 exd4 4. Nxd4 Bc5 5. Nb3 Bb6 6. Nc3 d6 7. Qe2 h6 8. Be3 Nf6 9. O-O-O Be6 10. h3 Qe7 11. Bxb6 axb6 12. Kb1 Bxb3 13. cxb3 O-O-O 14. f3 Rhe8 15. Qf2 Qe5 16. Bc4 Rf8 17. Rhe1 Nh5 18. Nd5 g5 19. Ne3 Ne7 20. Qc2 Kb8 21. Rc1 Rc8 22. b4 b5 23. Ng4 Qd4 24. Bxb5 c6 25. Bc4 d5 26. Bb3 Ng8 27. exd5 cxd5 28. Qf5 Rxc1+ 29. Rxc1 Nf4 30. Ne5 Rd8 31. Nxf7 Nd3 32. Rc3 Qg1+ 33. Kc2 Nxb4+ 34. Kd2 Qxg2+ 35. Kc1 Qf1+ 36. Bd1 Nxa2+ 37. Kc2 Nxc3 38. Qe5+ Ka8 39. Qxc3 Qf2+ 40. Kb1 Rb8 41. Nd6 Qf1 42. Qb3 Qa6 43. Qb4 Rd8 44. Nb5 Kb8 45. Be2 Qb6 46. Qg4 Qg6+ 47. Ka1 Qa6+ 48. Kb1 Qg6+ 49. Ka1 Qa6+ 1/2-1/2

[Event "CAN-ch U20"]
[Site "Mississauga CAN"]
[Date "2017.08.10"]
[Round "2.4"]
[White "Zhang, Henry"]
[Black "Song, Terry"]
[Result "1/2-1/2"]
[WhiteElo "2195"]
[BlackElo "2250"]
[WhiteFideId "-1"]
[WhiteFideId "-1"]
[PlyCount "142"]
[GameId "2160767908347423"]
[EventDate "2017.08.09"]
[EventType "swiss"]
[EventRounds "7"]
[EventCountry "CAN"]
[SourceTitle "hb 2017"]

1. e4 c5 2. Nf3 d6 3. d4 cxd4 4. Qxd4 Nc6 5. Bb5 Bd7 6. Bxc6 Bxc6 7. Nc3 Nf6 8. Bg5 e6 9. O-O-O Be7 10. Qd3 O-O 11. Nd4 Rc8 12. f4 Re8 13. h4 h6 14. Bxf6 Bxf6 15. g4 Qb6 16. g5 hxg5 17. hxg5 Bxd4 18. Qxd4 Qxd4 19. Rxd4 e5 20. Rxd6 exf4 21. Rf1 Bxe4 22. Rxf4 Bg6 23. Rd7 Rc5 24. Rxb7 Rxg5 25. Rf2 Rg1+ 26. Kd2 Rd8+ 27. Ke3 Re1+ 28. Re2 Rc1 29. Kf2 Bh5 30. Re5 Rxc2+ 31. Ke3 Bg6 32. Nd5 Rc1 33. Ne7+ Kh7 34. Nxg6 Kxg6 35. Kf3 Rd3+ 36. Ke2 Rcd1 37. Ree7 R1d2+ 38. Ke1 Kh5 39. Rxf7 g5 40. Rb5 a6 41. Ra5 Rxb2 42. Rxa6 Rc3 43. Rd7 Rc4 44. Rd1 Rcc2 45. Kf1 g4 46. Ra8 Rf2+ 47. Kg1 Rg2+ 48. Kh1 Rh2+ 49. Kg1 Rbg2+ 50. Kf1 Rf2+ 51. Kg1 Rhg2+ 52. Kh1 Kh4 53. Rh8+ Kg3 54. Rd3+ Rf3 55. Rd1 Ra3 56. Rhd8 Raxa2 57. R1d3+ Kh4 58. Rh8+ Kg5 59. Rd1 Rgd2 60. Rg8+ Kh4 61. Rh8+ Kg3 62. Rg1+ Rg2 63. Rxg2+ Rxg2 64. Ra8 Re2 65. Ra1 Kf2 66. Rg1 Re8 67. Rg2+ Kf3 68. Kh2 Rh8+ 69. Kg1 g3 70. Ra2 Rb8 71. Ra1 Rb2 1/2-1/2

[Event "CAN-ch U20"]
[Site "Mississauga CAN"]
[Date "2017.08.10"]
[Round "2.6"]
[White "Issani, Nameer"]
[Black "Dukic, Zachary"]
[Result "0-1"]
[WhiteElo "2072"]
[BlackElo "2238"]
[WhiteFideId "-1"]
[WhiteFideId "-1"]
[PlyCount "148"]
[GameId "2160767908347425"]
[EventDate "2017.08.09"]
[EventType "swiss"]
[EventRounds "7"]
[EventCountry "CAN"]
[SourceTitle "hb 2017"]

1. d4 Nf6 2. c4 e6 3. Nc3 Bb4 4. e3 O-O 5. Nge2 Re8 6. a3 Bf8 7. g3 d5 8. Bg2 dxc4 9. Qa4 Nbd7 10. Qxc4 e5 11. O-O Nb6 12. Qd3 c5 13. Rd1 exd4 14. exd4 c4 15. Qc2 g6 16. Bg5 h6 17. Bxf6 Qxf6 18. Nf4 Bf5 19. Qd2 Rad8 20. Rac1 Rd7 21. Nfd5 Qd8 22. Nxb6 axb6 23. Nb5 Bg7 24. Rxc4 Rde7 25. Nc3 Bg4 26. f3 Be6 27. d5 b5 28. Re4 Rd7 29. f4 Rf8 30. Re3 Qb6 31. Kh1 Bf5 32. Qe2 Bd4 33. Re8 b4 34. axb4 Qxb4 35. Rxf8+ Kxf8 36. Re1 h5 37. h3 Bxc3 38. bxc3 Qxc3 39. Qe8+ Kg7 40. Qe5+ Qxe5 41. fxe5 b5 42. Re2 b4 43. d6 Rd8 44. Kg1 Rb8 45. Kf2 b3 46. Rb2 Be6 47. Ke3 Rb5 48. Kd4 Kf8 49. h4 Rb4+ 50. Ke3 Ra4 51. Be4 Ra2 52. Rb1 Ke8 53. Re1 Kd8 54. Kd3 Ra5 55. Kd4 Ra4+ 56. Kc3 Ra2 57. Bb1 Rf2 58. Re3 Rf1 59. Kb2 Rf2+ 60. Kc3 Kd7 61. Be4 Ra2 62. Bb1 Ra8 63. Kb2 Ra5 64. Re2 Rc5 65. Bd3 Bd5 66. Re3 Ke6 67. Re2 Ra5 68. Bb1 Bc4 69. Re4 Bd5 70. Re2 Ra4 71. Re3 Rd4 72. Re2 Rd1 73. Re3 Rf1 74. Rd3 Rxb1+ 0-1

[Event "CAN-ch U20"]
[Site "Mississauga CAN"]
[Date "2017.08.10"]
[Round "2.7"]
[White "Liang, Hairan"]
[Black "Liu, Henry"]
[Result "1-0"]
[WhiteElo "2231"]
[BlackElo "1598"]
[WhiteFideId "-1"]
[WhiteFideId "-1"]
[PlyCount "91"]
[GameId "2160767908347426"]
[EventDate "2017.08.09"]
[EventType "swiss"]
[EventRounds "7"]
[EventCountry "CAN"]
[SourceTitle "hb 2017"]

1. e4 e6 2. d4 d5 3. Nd2 Nf6 4. e5 Nfd7 5. c3 c5 6. Bd3 Nc6 7. Ne2 Be7 8. Nf3 b6 9. Nf4 Bb7 10. Be3 Rc8 11. a3 cxd4 12. cxd4 Na5 13. O-O Nc4 14. Rb1 O-O 15. g3 Re8 16. h4 Nf8 17. Kg2 Ng6 18. h5 Nxe3+ 19. fxe3 Nxf4+ 20. gxf4 h6 21. Kh2 Kh8 22. Rg1 Rg8 23. Qd2 Rc7 24. Rg2 Qc8 25. Qe2 Rc1 26. Rxc1 Qxc1 27. Bc2 f5 28. exf6 gxf6 29. Nh4 Rxg2+ 30. Qxg2 Bd8 31. Qg6 f5 32. Qe8+ Kg7 33. Qd7+ Kg8 34. Qxd8+ Kf7 35. Qc7+ Kf6 36. Qxb7 Qxc2+ 37. Ng2 Qe2 38. Qxa7 Qxh5+ 39. Kg3 Qg4+ 40. Kf2 h5 41. Qxb6 Kf7 42. Qc7+ Kg6 43. Qe7 Kh6 44. Nh4 Qg8 45. Qf6+ Kh7 46. Nf3 1-0

[Event "CAN-ch U20"]
[Site "Mississauga CAN"]
[Date "2017.08.10"]
[Round "2.8"]
[White "Li, William"]
[Black "Noorali, Aahil"]
[Result "1-0"]
[WhiteElo "2142"]
[BlackElo "2008"]
[WhiteFideId "-1"]
[WhiteFideId "-1"]
[PlyCount "85"]
[GameId "2160767908347427"]
[EventDate "2017.08.09"]
[EventType "swiss"]
[EventRounds "7"]
[EventCountry "CAN"]
[SourceTitle "hb 2017"]

1. e4 e5 2. Nf3 Nc6 3. Bb5 a6 4. Ba4 Nf6 5. O-O Be7 6. Re1 b5 7. Bb3 d6 8. h3 O-O 9. c3 Na5 10. Bc2 c5 11. d4 cxd4 12. cxd4 Bb7 13. d5 Re8 14. Nbd2 Bf8 15. b4 Nc4 16. Nxc4 bxc4 17. Bg5 Be7 18. Ba4 Rf8 19. Rc1 Rc8 20. Bxf6 Bxf6 21. Qe2 Bg5 22. Nxg5 Qxg5 23. Rxc4 f5 24. Bd7 Rxc4 25. Qxc4 Qd2 26. Be6+ Kh8 27. Re2 Qd1+ 28. Kh2 fxe4 29. Rxe4 Qb1 30. Rg4 g6 31. Qc7 Ba8 32. Qxd6 Rf6 33. Qd8+ Kg7 34. Qe7+ Kh6 35. Qxf6 Qd1 36. Rh4+ Qh5 37. Rxh5+ Kxh5 38. g4+ Kh6 39. g5+ Kh5 40. Bg4+ Kh4 41. f4 exf4 42. Qxf4 Bxd5 43. Bf3# 1-0

[Event "CAN-ch U20"]
[Site "Mississauga CAN"]
[Date "2017.08.10"]
[Round "2.9"]
[White "Uthayakumar, Ronan"]
[Black "Jiang, Brian"]
[Result "1-0"]
[WhiteElo "1828"]
[BlackElo "1827"]
[WhiteFideId "-1"]
[WhiteFideId "-1"]
[PlyCount "53"]
[GameId "2160767908347428"]
[EventDate "2017.08.09"]
[EventType "swiss"]
[EventRounds "7"]
[EventCountry "CAN"]
[SourceTitle "hb 2017"]

1. e4 c5 2. Nf3 Nc6 3. d4 cxd4 4. Nxd4 g6 5. Be2 Bg7 6. Nb3 Nf6 7. Nc3 O-O 8. O-O d6 9. Re1 Be6 10. Bf1 Rc8 11. h3 Ne5 12. Nd5 Nc4 13. Bxc4 Rxc4 14. Qd3 b5 15. a4 Nxd5 16. exd5 Bf5 17. Qe3 Re4 18. Qd2 Rxe1+ 19. Qxe1 bxa4 20. Na5 Bd7 21. Nc6 Bxc6 22. dxc6 Qc7 23. Qe4 Rc8 24. Rxa4 Qxc6 25. Qxc6 Rxc6 26. Rxa7 Rxc2 27. Ra8+ 1-0

[Event "CAN-ch U20"]
[Site "Mississauga CAN"]
[Date "2017.08.10"]
[Round "2.10"]
[White "Chen, Max"]
[Black "Yie, Kevin"]
[Result "1-0"]
[WhiteElo "1987"]
[BlackElo "2146"]
[WhiteFideId "-1"]
[WhiteFideId "-1"]
[PlyCount "81"]
[GameId "2160767908347429"]
[EventDate "2017.08.09"]
[EventType "swiss"]
[EventRounds "7"]
[EventCountry "CAN"]
[SourceTitle "hb 2017"]

1. e4 c5 2. Nf3 e6 3. c3 Nf6 4. e5 Nd5 5. d4 cxd4 6. cxd4 d6 7. exd6 Bxd6 8. Nc3 Nxc3 9. bxc3 Qc7 10. Qc2 Nd7 11. Bd2 b6 12. Be2 Bb7 13. h3 h6 14. Rc1 Rc8 15. O-O O-O 16. Rfd1 Rfe8 17. c4 e5 18. Be3 exd4 19. Nxd4 a6 20. Bg4 Rcd8 21. Qb2 Be5 22. Kh1 Nf6 23. Be2 Rd6 24. Rc2 Qc8 25. Kg1 Red8 26. f4 Bxd4 27. Rxd4 Rxd4 28. Bxd4 Qf5 29. Bxb6 Rd7 30. Qc1 Nh5 31. Bg4 Qg6 32. Bxd7 Nxf4 33. Qxf4 Qxc2 34. Qb8+ Kh7 35. Qxb7 Qc1+ 36. Kh2 Qf4+ 37. Kh1 Qc1+ 38. Bg1 Qxc4 39. Qb3 Qf4 40. Qd3+ g6 41. Qxa6 1-0

[Event "CAN-ch U20"]
[Site "Mississauga CAN"]
[Date "2017.08.10"]
[Round "2.11"]
[White "Zheng, Kevin"]
[Black "Surya, Benito"]
[Result "1-0"]
[WhiteElo "1874"]
[BlackElo "1998"]
[WhiteFideId "-1"]
[WhiteFideId "-1"]
[PlyCount "101"]
[GameId "2160767908347430"]
[EventDate "2017.08.09"]
[EventType "swiss"]
[EventRounds "7"]
[EventCountry "CAN"]
[SourceTitle "hb 2017"]

1. d4 d5 2. c4 e6 3. Nc3 c5 4. cxd5 cxd4 5. Qxd4 Nc6 6. Qd1 exd5 7. Qxd5 Bd7 8. Nf3 Nf6 9. Qd1 Bc5 10. Bg5 Qb6 11. e3 Qxb2 12. Bxf6 gxf6 13. Ne4 Bb4+ 14. Ned2 Bg4 15. Rc1 Bxf3 16. gxf3 Rd8 17. Rc2 Rxd2 18. Rxd2 Qxa2 19. Bd3 Ne5 20. Ke2 Qxd2+ 21. Qxd2 Bxd2 22. Kxd2 Ke7 23. Be4 b6 24. Ra1 a5 25. Rc1 Rb8 26. f4 Nd7 27. Rc7 Kd8 28. Ra7 Rc8 29. Bxh7 Rc7 30. Ra8+ Ke7 31. Bd3 Nc5 32. Bb5 Ne4+ 33. Kd3 Nd6 34. Ba4 b5 35. Bc2 Nc4 36. h4 Nb2+ 37. Kd2 a4 38. h5 Nc4+ 39. Kd1 Nb2+ 40. Kc1 Nd3+ 41. Kb1 Nb4 42. Bxa4 bxa4 43. h6 a3 44. h7 Rd7 45. Kc1 Rc7+ 46. Kd1 Rd7+ 47. Ke2 Rd8 48. Rxd8 Kxd8 49. h8=Q+ Ke7 50. Qa8 a2 51. Kd2 1-0

[Event "CAN-ch U20"]
[Site "Mississauga CAN"]
[Date "2017.08.10"]
[Round "2.12"]
[White "Cui, Cynthia"]
[Black "Kang, Dorian"]
[Result "0-1"]
[WhiteElo "1767"]
[BlackElo "1976"]
[WhiteFideId "-1"]
[WhiteFideId "-1"]
[PlyCount "62"]
[GameId "2160767908347431"]
[EventDate "2017.08.09"]
[EventType "swiss"]
[EventRounds "7"]
[EventCountry "CAN"]
[SourceTitle "hb 2017"]

1. c4 e5 2. Nc3 Nc6 3. g3 f5 4. Bg2 Nf6 5. d3 Bb4 6. Nf3 Bxc3+ 7. bxc3 O-O 8. O-O d6 9. e3 e4 10. Nd4 Ne5 11. dxe4 Nxe4 12. Qb3 Nc5 13. Qc2 c6 14. Qe2 Ne4 15. Bb2 Re8 16. Rfd1 Qf6 17. Nb3 a5 18. Nd2 Qg6 19. Nxe4 fxe4 20. Rd4 Bg4 21. Qd2 Nf7 22. Qc2 Ng5 23. Qd2 Rad8 24. Ba3 Nf3+ 25. Bxf3 Bxf3 26. Bxd6 Qg4 27. Qe1 c5 28. Bxc5 Rxd4 29. cxd4 Re6 30. h4 Qh3 31. Qf1 Qh1# 0-1

[Event "CAN-ch U20"]
[Site "Mississauga CAN"]
[Date "2017.08.10"]
[Round "2.13"]
[White "Ning, Eric"]
[Black "Cui, Leonardo"]
[Result "1-0"]
[WhiteElo "1926"]
[BlackElo "1872"]
[WhiteFideId "-1"]
[WhiteFideId "-1"]
[PlyCount "67"]
[GameId "2160767908347432"]
[EventDate "2017.08.09"]
[EventType "swiss"]
[EventRounds "7"]
[EventCountry "CAN"]
[SourceTitle "hb 2017"]

1. d4 d5 2. c4 e6 3. Nc3 c6 4. cxd5 exd5 5. Bf4 Bd6 6. Bg3 Ne7 7. Nf3 Nf5 8. e3 Nxg3 9. hxg3 Nd7 10. Bd3 Nf6 11. Qb1 h6 12. b4 Qe7 13. a3 a5 14. b5 Bxa3 15. bxc6 Bb4 16. Qc2 bxc6 17. O-O O-O 18. Na4 Ba6 19. Rfc1 Bb5 20. Ne5 Rac8 21. Nb6 Rc7 22. Bxb5 Rb8 23. Nxc6 Qd6 24. Nc4 dxc4 25. Nxb8 Rb7 26. Nc6 Rxb5 27. Nxb4 Rxb4 28. Rxa5 Nd5 29. Ra8+ Rb8 30. Rxb8+ Qxb8 31. Qxc4 Qb2 32. Qc8+ Kh7 33. Qf5+ g6 34. Qxf7+ 1-0

[Event "CAN-ch U20"]
[Site "Mississauga CAN"]
[Date "2017.08.10"]
[Round "2.14"]
[White "Liao, Joseph"]
[Black "Xu, Daniel"]
[Result "1/2-1/2"]
[WhiteElo "1717"]
[BlackElo "1895"]
[WhiteFideId "-1"]
[WhiteFideId "-1"]
[PlyCount "97"]
[GameId "2160767908347433"]
[EventDate "2017.08.09"]
[EventType "swiss"]
[EventRounds "7"]
[EventCountry "CAN"]
[SourceTitle "hb 2017"]

1. e4 e5 2. Nf3 Nc6 3. Bc4 Bc5 4. O-O Nf6 5. d4 Bxd4 6. Nxd4 Nxd4 7. f4 d6 8. fxe5 dxe5 9. Bg5 b5 10. Bxf6 gxf6 11. c3 bxc4 12. cxd4 Qxd4+ 13. Qxd4 exd4 14. Na3 Be6 15. Rac1 O-O-O 16. Nxc4 d3 17. Nd2 Kb7 18. Rxf6 Rhg8 19. Kf2 Rg5 20. b3 Ra5 21. a4 Rh5 22. h3 Rg5 23. Rh6 Rg7 24. Rc3 Rd6 25. g4 Kc8 26. Ke3 Rb6 27. Rxd3 c5 28. Rh5 Rc6 29. Rc3 f6 30. Rhxc5 Rxc5 31. Rxc5+ Rc7 32. Rxc7+ Kxc7 33. Kf4 Kc6 34. e5 fxe5+ 35. Kxe5 Bf7 36. Kf6 Bg6 37. h4 Kc5 38. h5 Bc2 39. g5 Kb4 40. g6 hxg6 41. hxg6 Bxg6 42. Kxg6 Kc3 43. Kf5 Kxd2 44. Ke5 Kc3 45. a5 Kxb3 46. Kd4 Kb4 47. a6 Kb5 48. Kc3 Kxa6 49. Kb2 1/2-1/2

[Event "CAN-ch U20"]
[Site "Mississauga CAN"]
[Date "2017.08.10"]
[Round "2.15"]
[White "Rusonik, Max"]
[Black "Huang, Youhe"]
[Result "0-1"]
[WhiteElo "1880"]
[BlackElo "1680"]
[WhiteFideId "-1"]
[WhiteFideId "-1"]
[PlyCount "72"]
[GameId "2160767908347434"]
[EventDate "2017.08.09"]
[EventType "swiss"]
[EventRounds "7"]
[EventCountry "CAN"]
[SourceTitle "hb 2017"]

1. e4 c5 2. Nf3 d6 3. d4 cxd4 4. Nxd4 Nf6 5. Nc3 a6 6. Bg5 e6 7. f4 Be7 8. Qf3 Nbd7 9. O-O-O Qc7 10. g4 h6 11. Bxf6 Bxf6 12. h4 g5 13. hxg5 hxg5 14. Rxh8+ Bxh8 15. fxg5 Qc5 16. Nf5 exf5 17. gxf5 Bxc3 18. bxc3 Qa3+ 19. Kb1 Nc5 20. Ka1 Na4 21. Rb1 Qxc3+ 22. Qxc3 Nxc3 23. Re1 Bd7 24. Bc4 Rc8 25. Bb3 Ba4 26. g6 Bxb3 27. cxb3 fxg6 28. fxg6 Ke7 29. e5 d5 30. Rh1 d4 31. g7 d3 32. Rh8 d2 33. Rxc8 d1=Q+ 34. Kb2 Qd2+ 35. Ka3 Qc1+ 36. Kb4 Nd5+ 0-1

[Event "CAN-ch U20"]
[Site "Mississauga CAN"]
[Date "2017.08.10"]
[Round "3.1"]
[White "Dukic, Zachary"]
[Black "Chen, Richard"]
[Result "0-1"]
[WhiteElo "2238"]
[BlackElo "2324"]
[WhiteFideId "-1"]
[WhiteFideId "-1"]
[PlyCount "160"]
[GameId "2160767908347437"]
[EventDate "2017.08.09"]
[EventType "swiss"]
[EventRounds "7"]
[EventCountry "CAN"]
[SourceTitle "hb 2017"]

1. e4 c5 2. Nf3 e6 3. d4 cxd4 4. Nxd4 Nc6 5. Nc3 Qc7 6. Be3 a6 7. Qd2 Nf6 8. O-O-O Bb4 9. f3 Ne5 10. Nb3 Be7 11. Qf2 b5 12. g4 h6 13. Rg1 Bb7 14. h4 Rc8 15. g5 hxg5 16. hxg5 Nh5 17. f4 Nc4 18. Bxc4 bxc4 19. Nd4 g6 20. f5 Bb4 21. Nde2 Rf8 22. Rgf1 Qe5 23. Bd4 Qc7 24. Kb1 Qb8 25. a3 Be7 26. f6 Bd6 27. Ba7 Qc7 28. Bb6 Qc6 29. Qd4 Bc7 30. Bc5 Rh8 31. Be7 Bd8 32. Bd6 Bc7 33. Qe5 Rh7 34. Rd2 Bxd6 35. Rxd6 Qc5 36. Qxc5 Rxc5 37. Rg1 Kd8 38. Rg4 Kc7 39. Rd1 Rh8 40. Kc1 Rd8 41. Nd4 d6 42. Rd2 Bc8 43. Nf3 e5 44. Rg1 Be6 45. Rgd1 Bg4 46. Rf1 Nf4 47. Rh2 Bh5 48. Rhf2 Rc6 49. Nd2 Kb7 50. Re1 Nh3 51. Rh2 Nxg5 52. Nd5 Rcc8 53. Nc3 Ne6 54. Nf1 Nd4 55. Rh3 Nf3 56. Re3 Ng5 57. Rh2 Re8 58. Rg3 Ne6 59. Ne3 Rh8 60. Ncd5 Nd4 61. Rgh3 Ne2+ 62. Kd2 Ng1 63. Kc3 Nxh3 64. Rxh3 Be2 65. Rg3 Rh4 66. Ne7 Rc5 67. Kd2 Bh5 68. b4 cxb3 69. cxb3 Rxe4 70. Nc4 Rd4+ 71. Rd3 Rxd3+ 72. Kxd3 Kc7 73. Ne3 Kd7 74. b4 Rc7 75. N7d5 Rb7 76. Nc4 Bf3 77. Nc3 Bc6 78. Na5 Rb8 79. Kc4 g5 80. a4 Bf3 0-1

[Event "CAN-ch U20"]
[Site "Mississauga CAN"]
[Date "2017.08.10"]
[Round "3.3"]
[White "Cai, Jason"]
[Black "Liang, Hairan"]
[Result "0-1"]
[WhiteElo "2297"]
[BlackElo "2231"]
[WhiteFideId "-1"]
[WhiteFideId "-1"]
[PlyCount "100"]
[GameId "2160767908347439"]
[EventDate "2017.08.09"]
[EventType "swiss"]
[EventRounds "7"]
[EventCountry "CAN"]
[SourceTitle "hb 2017"]

1. e4 c5 2. Nf3 Nc6 3. d4 cxd4 4. Nxd4 g6 5. c4 Bg7 6. Nc2 d6 7. Be2 Nh6 8. Nc3 O-O 9. Bd2 f5 10. Qc1 Nf7 11. exf5 Bxf5 12. O-O Nfe5 13. Ne3 Nd4 14. Nxf5 Rxf5 15. Qd1 Rc8 16. b3 Qd7 17. Rc1 Nxe2+ 18. Qxe2 Nc6 19. Nd5 e6 20. Ne3 Rff8 21. Rfd1 d5 22. cxd5 exd5 23. Be1 d4 24. Nc4 Rce8 25. Qd2 Re6 26. b4 Rfe8 27. b5 Ne7 28. a4 Nd5 29. g3 Qe7 30. Qd3 Qf6 31. Bd2 Rf8 32. Rf1 Qf3 33. Qxf3 Rxf3 34. Rce1 Kf7 35. Rxe6 Kxe6 36. Re1+ Kd7 37. Ne5+ Bxe5 38. Rxe5 Kd6 39. Re8 Nc3 40. Rb8 Rf7 41. Rd8+ Kc5 42. Rc8+ Kb4 43. Kf1 Rd7 44. f4 Kxa4 45. b6 axb6 46. Bxc3 dxc3 47. Rxc3 b5 48. Ke2 b4 49. Rc4 Ka3 50. Rc5 b3 0-1

[Event "CAN-ch U20"]
[Site "Mississauga CAN"]
[Date "2017.08.10"]
[Round "3.4"]
[White "Song, Terry"]
[Black "Uthayakumar, Ronan"]
[Result "1-0"]
[WhiteElo "2250"]
[BlackElo "1828"]
[WhiteFideId "-1"]
[WhiteFideId "-1"]
[PlyCount "75"]
[GameId "2160767908347440"]
[EventDate "2017.08.09"]
[EventType "swiss"]
[EventRounds "7"]
[EventCountry "CAN"]
[SourceTitle "hb 2017"]

1. d4 d5 2. e4 dxe4 3. Nc3 Nf6 4. f3 exf3 5. Nxf3 e6 6. Bg5 Be7 7. Bc4 O-O 8. Qe2 a6 9. O-O-O b5 10. Bd3 Nbd7 11. Ne5 Bb7 12. Rhf1 b4 13. Na4 Nxe5 14. dxe5 Nd5 15. h4 Bxg5+ 16. hxg5 Qxg5+ 17. Kb1 g6 18. Nc5 Bc6 19. Ne4 Qe3 20. Qg4 Rab8 21. Ka1 Kg7 22. Rde1 Qd4 23. Rh1 Rh8 24. Qg3 a5 25. Ng5 Qf4 26. Nxe6+ fxe6 27. Rxh7+ Rxh7 28. Qxg6+ Kf8 29. Qxh7 Qg5 30. Rf1+ Nf4 31. Qxc7 Rd8 32. Qxc6 Kg7 33. Qc7+ Kf8 34. Rxf4+ Qxf4 35. Qxd8+ Kf7 36. Qf6+ Qxf6 37. exf6 Kxf6 38. Kb1 1-0